| 000 | 02071nam a22004457a 4500 | ||
|---|---|---|---|
| 003 | OSt | ||
| 005 | 20260416165356.0 | ||
| 008 | 260409t2018 xxu||||| |||| 00| 0 spa d | ||
| 020 | _a9789585651876 | ||
| 040 |
_aUnicoc _bspa _c00001 _d00001 |
||
| 082 | _a001.42 | ||
| 100 |
_912870 _aCharry, José Daniel |
||
| 245 |
_aManual de metodología de la investigación y principios en publicación científica _c/ José Daniel Charry |
||
| 250 | _a1 Ed. | ||
| 260 |
_aNeiva : _bUninavarra , _c2018 |
||
| 500 | _aIncluye referencias bibliográficas | ||
| 505 |
_tSección I: generalidades sobre la investigación. -- _tSección II: investigación cuantitativa. -- _tSección III: Investigación cualitativa. -- _tSección IV: enfoque mixto de la investigación. -- _tSección V: publicación científica. |
||
| 526 | _5Unicoc | ||
| 546 | _aEspañol | ||
| 650 | 0 |
_97108 _aMetodología de la investigación _vManuales |
|
| 650 | 0 |
_94646 _aInvestigación _xMetodología |
|
| 650 | 0 |
_94249 _aInvestigación científica |
|
| 650 | 0 |
_96468 _aElaboración de proyectos |
|
| 658 | 0 |
_98314 _aPrograma de Negocios Internacionales |
|
| 658 | 0 |
_98382 _aPrograma de Administración de Empresas |
|
| 658 | 0 |
_910741 _aPrograma de Psicología |
|
| 658 | 0 |
_98315 _aPrograma de Odontología |
|
| 658 | 0 |
_98008 _aPrograma de Derecho |
|
| 658 | 0 |
_98220 _aPrograma de Ingeniería de Sistemas |
|
| 658 | 0 |
_98220 _aPrograma de Ingeniería de Sistemas |
|
| 658 | 0 |
_98071 _aEspecialización en Endodoncia |
|
| 658 | 0 |
_98037 _aEspecialización en Gerencia de Servicios de Salud |
|
| 658 | 0 |
_911722 _aEspecialización en Ortodoncia y Ortopedia Maxilar |
|
| 658 | 0 |
_98072 _aEspecialización en Periodoncia |
|
| 658 | 0 |
_98073 _aEspecialización en Prostodoncia |
|
| 658 | 0 |
_98074 _aEspecialización en Rehabilitación Oral |
|
| 700 |
_912871 _aNavarro Parra, Sandra |
||
| 856 |
_yAcceso online exclusivo para comunidad Unicoc _uhttps://unicoceduco-my.sharepoint.com/:b:/g/personal/direccionbiblioteca_unicoc_edu_co/IQB1ZdvjDkpJRoHzqxASHtxsAdjiSykH5I7EU_HL48muJa4 |
||
| 942 |
_2ddc _cEBOOK |
||
| 999 |
_c10821 _d10821 |
||